[Event "30. Abierto Ciudad de Sevilla"]
[Site "Sevilla ESP"]
[Date "2005.01.11"]
[Round "5.9"]
[White "Komljenovic, Davor"]
[Black "Estremera Panos, Sergio"]
[Result "1-0"]
[WhiteElo "2492"]
[BlackElo "2384"]
[PlyCount "61"]
[EventDate "2005.01.07"]
[EventType "swiss"]
[EventRounds "9"]
[EventCountry "ESP"]
[Source "lmi"]
[SourceDate "2005.01.13"]

1. c4 Nf6 2. Nc3 e5 3. Nf3 Nc6 4. e3 Bb4 5. Qc2 Bxc3 6. Qxc3 Qe7 7. a3 d5 8.
cxd5 Nxd5 9. Qb3 Nb6 10. d3 a5 11. Bd2 O-O 12. Rc1 Rd8 13. Be2 a4 14. Qc2 Bf5
15. h3 e4 16. dxe4 Bxe4 17. Qc5 Rd6 18. Bb4 Nd5 19. O-O b6 20. Qxc6 Rxc6 21.
Bxe7 Nxe7 22. Rxc6 Bxc6 23. Rc1 Ra7 24. Nd4 Bd7 25. Nb5 Bxb5 26. Bxb5 c6 27.
Rd1 g6 28. Bc4 b5 29. Be2 Rb7 30. g4 h6 31. Kf1 1-0

[Event "30. Abierto Ciudad de Sevilla"]
[Site "Sevilla ESP"]
[Date "2005.01.11"]
[Round "5.11"]
[White "Razmyslov, Alexander"]
[Black "Fernandez Romero, Ernesto"]
[Result "1/2-1/2"]
[WhiteElo "2307"]
[BlackElo "2469"]
[PlyCount "43"]
[EventDate "2005.01.07"]
[EventType "swiss"]
[EventRounds "9"]
[EventCountry "ESP"]
[Source "lmi"]
[SourceDate "2005.01.13"]

1. d4 Nf6 2. Nf3 d6 3. c4 g6 4. Nc3 Bf5 5. Qb3 Qc8 6. h3 Bg7 7. g4 Bd7 8. g5
Nh5 9. Be3 O-O 10. O-O-O Nc6 11. Bg2 Rb8 12. d5 Na5 13. Qb4 b6 14. Nd4 Bxd4 15.
Rxd4 c5 16. dxc6 Bxc6 17. Bd5 Ng7 18. Rdd1 Nf5 19. Bd2 e6 20. Bxc6 Nxc6 21. Qa3
Na5 22. b3 1/2-1/2

[Event "30. Abierto Ciudad de Sevilla"]
[Site "Sevilla ESP"]
[Date "2005.01.11"]
[Round "5.12"]
[White "Lazaro Porta, Angel"]
[Black "Teran Alvarez, Ismael"]
[Result "0-1"]
[WhiteElo "2114"]
[BlackElo "2422"]
[PlyCount "82"]
[EventDate "2005.01.07"]
[EventType "swiss"]
[EventRounds "9"]
[EventCountry "ESP"]
[Source "lmi"]
[SourceDate "2005.01.13"]

1. d4 Nf6 2. c4 c5 3. d5 a6 4. a4 e5 5. Nc3 d6 6. Qc2 Be7 7. Nf3 O-O 8. g3 Ne8
9. h4 h6 10. Bd2 f5 11. h5 Nd7 12. Bh3 e4 13. Nxe4 fxe4 14. Be6+ Kh8 15. Nh4
Bxh4 16. Rxh4 Ndf6 17. Qc1 Bxe6 18. dxe6 Qe7 19. Ra3 Nh7 20. Rxe4 Nef6 21. Rh4
Qxe6 22. Re3 Qf7 23. g4 Rae8 24. Rf3 Qe6 25. Re3 Qf7 26. Rf3 Re4 27. b3 Qe6 28.
Re3 Rxe3 29. Bxe3 Nxg4 30. Bf4 Ne5 31. Be3 Ng5 32. Kd1 Ng4 33. Bxg5 Nxf2+ 34.
Kc2 Qf5+ 35. e4 Qxg5 36. Qxg5 hxg5 37. Rh2 Nxe4 38. Kd3 Rf4 39. Re2 Nf2+ 40.
Kc2 g4 41. Re7 g3 0-1

[Event "30. Abierto Ciudad de Sevilla"]
[Site "Sevilla ESP"]
[Date "2005.01.11"]
[Round "5.13"]
[White "Gutierrez Jimenez, Juan Manuel"]
[Black "Escobar Forero, Alder"]
[Result "1/2-1/2"]
[WhiteElo "2110"]
[BlackElo "2407"]
[PlyCount "161"]
[EventDate "2005.01.07"]
[EventType "swiss"]
[EventRounds "9"]
[EventCountry "ESP"]
[Source "lmi"]
[SourceDate "2005.01.13"]

1. e4 c5 2. Nf3 e6 3. d4 cxd4 4. Nxd4 Nf6 5. Bd3 Nc6 6. Nxc6 dxc6 7. O-O e5 8.
Nd2 Bc5 9. Nc4 Bg4 10. Qd2 Nd7 11. b4 Be7 12. Bb2 f6 13. Ne3 Be6 14. Nf5 Bf8
15. Be2 Nb6 16. Qe3 Qc7 17. Rad1 Nc4 18. Qh3 Nxb2 19. Nxg7+ Bxg7 20. Qxe6+ Qe7
21. Bh5+ Kf8 22. Qf5 Nxd1 23. Rxd1 Qxb4 24. h3 Qa3 25. g3 a5 26. Rd7 Qxa2 27.
Rxb7 Rd8 28. Rd7 Rb8 29. Rc7 Qc4 30. Qd7 Rb1+ 31. Bd1 Rxd1+ 32. Qxd1 Qe6 33.
Qd8+ Qe8 34. Qd6+ Kg8 35. Re7 Qc8 36. Rd7 h5 37. Rd8+ Kh7 38. Rxc8 Rxc8 39. Qd7
Rb8 40. Qxc6 Rb2 41. c4 Rc2 42. Qa4 Rc3 43. h4 Kh6 44. Qc6 Rc2 45. Qa4 Rc3 46.
Qb5 Kg6 47. c5 a4 48. Qxa4 Rxc5 49. Qe8+ Kh6 50. g4 Kh7 51. Qxh5+ Kg8 52. Qe8+
Bf8 53. h5 Rc7 54. Qe6+ Rf7 55. f3 Bh6 56. Kf2 Bg5 57. Ke2 Kg7 58. Kd3 Ra7 59.
Qe8 Ra3+ 60. Kc4 Ra1 61. Kd5 Ra5+ 62. Ke6 Ra6+ 63. Kf5 Ra7 64. Qg6+ Kh8 65.
Qe8+ Kg7 66. Qg6+ Kh8 67. h6 Re7 68. Qh5 Kh7 69. Qg6+ Kh8 70. h7 Rg7 71. Qh5
Re7 72. Qg6 Rg7 73. Qe8+ Kxh7 74. Ke6 Ra7 75. Qc8 Rg7 76. Qb8 Rg8 77. Qb5 Rg7
78. Qe8 Ra7 79. Qh5+ Kg7 80. Kf5 Re7 81. Qh1 1/2-1/2

[Event "30. Abierto Ciudad de Sevilla"]
[Site "Sevilla ESP"]
[Date "2005.01.11"]
[Round "5.14"]
[White "Belezky, Sasha"]
[Black "Bongers, Erik"]
[Result "1-0"]
[WhiteElo "2399"]
[BlackElo "2093"]
[PlyCount "69"]
[EventDate "2005.01.07"]
[EventType "swiss"]
[EventRounds "9"]
[EventCountry "ESP"]
[Source "lmi"]
[SourceDate "2005.01.13"]

1. e4 c5 2. Nf3 d6 3. g3 Nf6 4. d3 Nc6 5. Bg2 g6 6. O-O Bg7 7. c3 c4 8. dxc4
Nxe4 9. Nd4 Nxd4 10. cxd4 Nf6 11. Nc3 O-O 12. a4 Rb8 13. a5 Bf5 14. Re1 Re8 15.
Bf4 Nh5 16. Be3 Qc8 17. Ra4 Bd7 18. Rb4 Qc7 19. Qb3 Qxa5 20. Rxb7 Rxb7 21. Qxb7
Be6 22. Bc6 Rd8 23. b4 Qa3 24. Nb1 Qd3 25. Qxe7 Bf6 26. Qxa7 Qxc4 27. b5 Qb4
28. Nd2 d5 29. Rb1 Qd6 30. Nb3 Bf5 31. Ra1 Bd7 32. Bxd7 Rxd7 33. Qc5 Bd8 34.
Ra6 Qb8 35. Qc6 1-0

[Event "30. Abierto Ciudad de Sevilla"]
[Site "Sevilla ESP"]
[Date "2005.01.11"]
[Round "5.17"]
[White "Rousse Mayol, Ricard"]
[Black "Barrero Garcia, Carlos"]
[Result "0-1"]
[WhiteElo "2062"]
[BlackElo "2292"]
[PlyCount "52"]
[EventDate "2005.01.07"]
[EventType "swiss"]
[EventRounds "9"]
[EventCountry "ESP"]
[Source "lmi"]
[SourceDate "2005.01.13"]

1. Nf3 Nf6 2. d4 d5 3. g3 c5 4. e3 Nc6 5. Bg2 Bg4 6. h3 Bh5 7. O-O e6 8. c3 Qb6
9. Qa4 Nd7 10. Nbd2 Be7 11. a3 O-O 12. b4 cxd4 13. cxd4 a5 14. b5 Na7 15. Rb1
Bg6 16. e4 dxe4 17. Nc4 exf3 18. Nxb6 Nxb6 19. Qb3 fxg2 20. Kxg2 a4 21. Qf3
Bxb1 22. Qxb7 Nd5 23. Bd2 Bd3 24. Rc1 Rfb8 25. Qa6 Bxb5 26. Qa5 Bd8 0-1

[Event "30. Abierto Ciudad de Sevilla"]
[Site "Sevilla ESP"]
[Date "2005.01.11"]
[Round "5.18"]
[White "Garrido Dominguez, Jesus"]
[Black "Peña Dieguez, Manuel"]
[Result "1-0"]
[WhiteElo "2288"]
[BlackElo "2060"]
[PlyCount "101"]
[EventDate "2005.01.07"]
[EventType "swiss"]
[EventRounds "9"]
[EventCountry "ESP"]
[Source "lmi"]
[SourceDate "2005.01.13"]

1. e4 e5 2. Nf3 Nc6 3. d4 exd4 4. Nxd4 Bc5 5. Be3 Bxd4 6. Bxd4 Nxd4 7. Qxd4 Qf6
8. e5 Qb6 9. Qxb6 axb6 10. Nc3 Ra5 11. Nb5 Kd8 12. b4 Ra8 13. Bc4 Nh6 14. O-O
Rf8 15. f4 Nf5 16. Rae1 h5 17. Rf3 c6 18. Nd6 Nd4 19. Rf2 f6 20. c3 b5 21. Bf7
Ne6 22. f5 Ng5 23. e6 Ke7 24. Rd2 dxe6 25. fxe6 Bxe6 26. Bxe6 Nxe6 27. Nf5+ Kf7
28. Rd7+ Kg6 29. Nh4+ Kg5 30. Nf3+ Kf5 31. Re7 Ng5 32. Nd4+ Kg6 33. h4 Nf7 34.
Ne6 Rg8 35. Nf4+ Kf5 36. Nxh5 Ne5 37. Nxg7+ Kg6 38. Re3 Ng4 39. R3e4 Ne5 40.
h5+ Kh6 41. Nf5+ Kg5 42. Ne3 Kxh5 43. Rf4 Rxa2 44. Rxf6 Ra1+ 45. Kh2 Ng4+ 46.
Nxg4 Kxg4 47. Rh7 Rg5 48. Rfh6 Ra2 49. Rf7 b6 50. Rh3 Rc2 51. Rf8 1-0

[Event "30. Abierto Ciudad de Sevilla"]
[Site "Sevilla ESP"]
[Date "2005.01.11"]
[Round "5.19"]
[White "Valencia Gomez, Jairo Fdo"]
[Black "Szmetan, Ricardo"]
[Result "0-1"]
[WhiteElo "2061"]
[BlackElo "2278"]
[PlyCount "70"]
[EventDate "2005.01.07"]
[EventType "swiss"]
[EventRounds "9"]
[EventCountry "ESP"]
[Source "lmi"]
[SourceDate "2005.01.13"]

1. e4 c5 2. Nf3 e6 3. d4 cxd4 4. Nxd4 a6 5. Be3 Nf6 6. Bd3 Qc7 7. O-O d5 8. Nd2
e5 9. N4b3 d4 10. Bg5 Be7 11. f4 Ng4 12. Qc1 f6 13. Bh4 Ne3 14. Re1 exf4 15.
Nxd4 Bc5 16. N2b3 Ba7 17. Kh1 Nc6 18. Nxc6 bxc6 19. Qd2 Qe5 20. Qc3 Qxc3 21.
bxc3 g5 22. Bf2 Nxc2 23. Bxc2 Bxf2 24. Red1 Bg4 25. Rd6 Ke7 26. Rxc6 Rhc8 27.
Rxc8 Rxc8 28. Bd3 Rxc3 29. Bxa6 Be3 30. Bb7 Bh5 31. Rb1 f3 32. e5 f2 33. exf6+
Kxf6 34. Bf3 Bg6 35. Rd1 Bd3 0-1

[Event "30. Abierto Ciudad de Sevilla"]
[Site "Sevilla ESP"]
[Date "2005.01.11"]
[Round "5.20"]
[White "Valenti, Giuseppe"]
[Black "Perez Perez, Manuel"]
[Result "1-0"]
[WhiteElo "2270"]
[BlackElo "2026"]
[PlyCount "59"]
[EventDate "2005.01.07"]
[EventType "swiss"]
[EventRounds "9"]
[EventCountry "ESP"]
[Source "lmi"]
[SourceDate "2005.01.13"]

1. e4 e6 2. d4 d5 3. Nc3 Bb4 4. e5 c5 5. a3 Ba5 6. b4 cxd4 7. Nb5 Bc7 8. f4 Ne7
9. Bd3 Nbc6 10. Nxc7+ Qxc7 11. Nf3 Bd7 12. Bb2 a6 13. O-O h6 14. Kh1 g5 15.
Nxd4 Nxd4 16. Bxd4 Bb5 17. Qh5 O-O-O 18. Qxf7 Qd7 19. fxg5 hxg5 20. Rf6 Bxd3
21. cxd3 Nc6 22. Rc1 Qxf7 23. Rxf7 Kb8 24. Bb6 Rc8 25. d4 Rh4 26. Kg1 Rch8 27.
Rcf1 Rc8 28. Rc1 Nxd4 29. Ba7+ Kxa7 30. Rxc8 1-0

[Event "30. Abierto Ciudad de Sevilla"]
[Site "Sevilla ESP"]
[Date "2005.01.12"]
[Round "6.1"]
[White "Rodriguez Guerrero, Enrique"]
[Black "Peralta, Fernando"]
[Result "0-1"]
[WhiteElo "2430"]
[BlackElo "2538"]
[PlyCount "96"]
[EventDate "2005.01.07"]
[EventType "swiss"]
[EventRounds "9"]
[EventCountry "ESP"]
[Source "lmi"]
[SourceDate "2005.01.13"]

1. e4 d6 2. d4 Nf6 3. Nc3 g6 4. Be3 c6 5. Qd2 b5 6. Bd3 Nbd7 7. Nf3 Bg7 8. h3
Qc7 9. O-O O-O 10. a4 b4 11. Ne2 c5 12. Ng3 Bb7 13. c3 c4 14. Bb1 b3 15. d5 a6
16. h4 Rae8 17. h5 e6 18. dxe6 Rxe6 19. Bf4 Ne5 20. Nd4 Ree8 21. Bh6 Qd8 22.
Ndf5 gxf5 23. Qg5 Nxh5 24. Qxh5 Bxh6 25. Qxh6 Re6 26. Qf4 Ng6 27. Qxf5 Re5 28.
Qg4 Qg5 29. Qxg5 Rxg5 30. Nf5 Nf4 31. g3 Ne2+ 32. Kh2 Rh5+ 33. Nh4 Nf4 34. Rd1
Ng6 35. Rxd6 Nxh4 36. gxh4 Rxh4+ 37. Kg2 f5 38. Rb6 Rf7 39. Rb4 fxe4 40. Kg3
Rh1 41. Rxc4 Rg1+ 42. Kh2 Rfg7 43. Rc7 Rf1 44. Rxg7+ Kxg7 45. Kg3 Kf6 46. a5
Ke5 47. Kg2 Rc1 48. Kg3 Bd5 0-1

[Event "30. Abierto Ciudad de Sevilla"]
[Site "Sevilla ESP"]
[Date "2005.01.12"]
[Round "6.3"]
[White "Khamrakulov, Ibragim S"]
[Black "Mirzoev, Azer"]
[Result "1-0"]
[WhiteElo "2501"]
[BlackElo "2529"]
[PlyCount "77"]
[EventDate "2005.01.07"]
[EventType "swiss"]
[EventRounds "9"]
[EventCountry "ESP"]
[Source "lmi"]
[SourceDate "2005.01.13"]

1. e4 e5 2. Nf3 Nf6 3. Nxe5 d6 4. Nf3 Nxe4 5. d4 d5 6. Bd3 Nc6 7. O-O Be7 8. c4
Nb4 9. Be2 O-O 10. a3 Nc6 11. Nc3 Nxc3 12. bxc3 Bf5 13. Re1 Re8 14. Bf4 Bd6 15.
Bxd6 Qxd6 16. Qb3 Be4 17. c5 Qe7 18. Qxb7 Bxf3 19. Bf1 Qd7 20. gxf3 Reb8 21.
Qa6 Ne7 22. Rab1 c6 23. Bd3 Ng6 24. Bxg6 hxg6 25. Kg2 Kh7 26. Rb4 Re8 27. Re5
Rxe5 28. dxe5 Re8 29. Qb7 Qe6 30. Qxa7 g5 31. Rg4 Re7 32. Qb6 Qxe5 33. Qxc6 Re6
34. Qd7 Rf6 35. c4 dxc4 36. Rxc4 Qe2 37. Rc3 Rf4 38. Re3 Qc2 39. Qd3+ 1-0

[Event "30. Abierto Ciudad de Sevilla"]
[Site "Sevilla ESP"]
[Date "2005.01.12"]
[Round "6.5"]
[White "Barrero Garcia, Carlos"]
[Black "Epishin, Vladimir"]
[Result "0-1"]
[WhiteElo "2292"]
[BlackElo "2614"]
[PlyCount "88"]
[EventDate "2005.01.07"]
[EventType "swiss"]
[EventRounds "9"]
[EventCountry "ESP"]
[Source "lmi"]
[SourceDate "2005.01.13"]

1. e4 c5 2. Nf3 e6 3. d4 cxd4 4. Nxd4 a6 5. c4 Nf6 6. Nc3 Qc7 7. a3 Be7 8. Be3
O-O 9. Be2 d6 10. O-O Nc6 11. Qb3 Bd7 12. Rfc1 Rac8 13. f3 Ne5 14. Na4 Bxa4 15.
Qxa4 Nfd7 16. Qd1 Bf6 17. Rc2 Qd8 18. Rac1 Qe7 19. Rd2 Rfd8 20. f4 Ng6 21. Nb3
b6 22. c5 Nxc5 23. Nxc5 bxc5 24. Bxa6 Ra8 25. Be2 Bd4 26. Bxd4 cxd4 27. g3 Qa7
28. Kg2 Rab8 29. Rdc2 e5 30. f5 Ne7 31. Qd3 d5 32. Bf3 Nc8 33. exd5 Nd6 34. g4
h5 35. g5 e4 36. Bxe4 Re8 37. Re1 Nxf5 38. Bxf5 Rxe1 39. g6 fxg6 40. Qg3 d3 41.
Qxe1 dxc2 42. Bxg6 Qd7 43. b4 Qxd5+ 44. Qe4 Qd2+ 0-1

[Event "30. Abierto Ciudad de Sevilla"]
[Site "Sevilla ESP"]
[Date "2005.01.12"]
[Round "6.6"]
[White "Kovacevic, Slobodan"]
[Black "Spraggett, Kevin"]
[Result "1/2-1/2"]
[WhiteElo "2358"]
[BlackElo "2589"]
[PlyCount "46"]
[EventDate "2005.01.07"]
[EventType "swiss"]
[EventRounds "9"]
[EventCountry "ESP"]
[Source "lmi"]
[SourceDate "2005.01.13"]

1. d4 Nf6 2. Nf3 d6 3. Bg5 Nbd7 4. Nbd2 h6 5. Bh4 g5 6. Bg3 Nh5 7. e4 e6 8. Nc4
Nxg3 9. hxg3 Qe7 10. Ne3 Bg7 11. c3 a6 12. a4 b6 13. g4 Bb7 14. Bd3 Nf6 15. Nd2
Nd7 16. Nf3 c6 17. Qe2 d5 18. exd5 cxd5 19. O-O Nf8 20. Rae1 Qd6 21. Ra1 a5 22.
Rfe1 Bf6 23. Nf1 h5 1/2-1/2

[Event "30. Abierto Ciudad de Sevilla"]
[Site "Sevilla ESP"]
[Date "2005.01.12"]
[Round "6.7"]
[White "Parligras, Mircea"]
[Black "Kononenko, Tatiana"]
[Result "1-0"]
[WhiteElo "2567"]
[BlackElo "2374"]
[PlyCount "127"]
[EventDate "2005.01.07"]
[EventType "swiss"]
[EventRounds "9"]
[EventCountry "ESP"]
[Source "lmi"]
[SourceDate "2005.01.13"]

1. e4 e6 2. d4 d5 3. Nd2 c5 4. Ngf3 cxd4 5. exd5 Qxd5 6. Bc4 Qd6 7. O-O Nf6 8.
Nb3 Nc6 9. Nbxd4 Nxd4 10. Nxd4 Bd7 11. c3 Be7 12. Qe2 O-O 13. Rd1 Qc7 14. Nb5
Qc6 15. Bf4 Rfc8 16. Bd3 Nd5 17. Be5 f6 18. Nd4 Qb6 19. Bg3 Bf8 20. Bc4 Re8 21.
Rd2 Rac8 22. Re1 Qc5 23. Bb3 Kh8 24. Qh5 g6 25. Qf3 Bg7 26. h4 b5 27. Rde2 e5
28. Qxd5 Qxd5 29. Bxd5 exd4 30. Rxe8+ Rxe8 31. Rxe8+ Bxe8 32. cxd4 Bd7 33. Bd6
Bh6 34. f4 Kg7 35. Kf2 g5 36. hxg5 fxg5 37. g3 gxf4 38. gxf4 Kg6 39. Ke3 Bg7
40. Be4+ Bf5 41. Bc6 a6 42. Bb7 a5 43. Bc6 Be6 44. b3 a4 45. d5 axb3 46. axb3
Bf7 47. Ke4 h5 48. Bxb5 h4 49. Bd7 Bf6 50. b4 Bd8 51. b5 Bb6 52. Be7 Kh5 53.
Bh3 Be8 54. d6 Bxb5 55. d7 Bc6+ 56. Ke5 Bc7+ 57. Bd6 Bd8 58. Ke6 Bf3 59. f5 Bc6
60. Be7 Bc7 61. d8=Q Bxd8 62. Bxd8 Bb5 63. f6 Bc4+ 64. Ke7 1-0

[Event "30. Abierto Ciudad de Sevilla"]
[Site "Sevilla ESP"]
[Date "2005.01.12"]
[Round "6.8"]
[White "Szmetan, Ricardo"]
[Black "Paunovic, Dragan"]
[Result "1/2-1/2"]
[WhiteElo "2278"]
[BlackElo "2518"]
[PlyCount "52"]
[EventDate "2005.01.07"]
[EventType "swiss"]
[EventRounds "9"]
[EventCountry "ESP"]
[Source "lmi"]
[SourceDate "2005.01.13"]

1. Nf3 c5 2. c4 Nc6 3. Nc3 g6 4. e3 Nf6 5. d4 cxd4 6. exd4 d5 7. cxd5 Nxd5 8.
Qb3 Nxc3 9. Bc4 Nd5 10. Bxd5 e6 11. Bxc6+ bxc6 12. O-O Bg7 13. Bg5 Qd6 14. Qe3
O-O 15. Bh6 Rd8 16. Bxg7 Kxg7 17. Rac1 Bd7 18. h4 h5 19. Rc5 Be8 20. Rfc1 Rab8
21. b3 Rb5 22. Qc3 Kg8 23. Rxb5 cxb5 24. Qc7 Rd7 25. Qc8 Rd8 26. Qc7 Rd7
1/2-1/2

[Event "30. Abierto Ciudad de Sevilla"]
[Site "Sevilla ESP"]
[Date "2005.01.12"]
[Round "6.10"]
[White "Fernandez Romero, Ernesto"]
[Black "Garrido Dominguez, Jesus"]
[Result "1-0"]
[WhiteElo "2469"]
[BlackElo "2288"]
[PlyCount "51"]
[EventDate "2005.01.07"]
[EventType "swiss"]
[EventRounds "9"]
[EventCountry "ESP"]
[Source "lmi"]
[SourceDate "2005.01.13"]

1. e4 c5 2. Nf3 g6 3. d4 cxd4 4. Nxd4 Bg7 5. Nc3 Nc6 6. Be3 Nf6 7. Bc4 O-O 8.
Bb3 d6 9. f3 Bd7 10. h4 h5 11. Qe2 Qa5 12. O-O-O Rfc8 13. Kb1 Ne5 14. Nd5 Nxd5
15. exd5 Qa6 16. Qf2 Ba4 17. g4 Bxb3 18. axb3 hxg4 19. h5 Rc5 20. hxg6 fxg6 21.
b4 Rxd5 22. Qh4 Nxf3 23. Qxe7 Rxd4 24. Qe6+ Kf8 25. Bxd4 Nxd4 26. Rhf1+ 1-0

[Event "30. Abierto Ciudad de Sevilla"]
[Site "Sevilla ESP"]
[Date "2005.01.12"]
[Round "6.12"]
[White "Barrientos, Sergio"]
[Black "Diaz Rodriguez, Jose Antonio"]
[Result "1-0"]
[WhiteElo "2432"]
[BlackElo "2117"]
[PlyCount "61"]
[EventDate "2005.01.07"]
[EventType "swiss"]
[EventRounds "9"]
[EventCountry "ESP"]
[Source "lmi"]
[SourceDate "2005.01.13"]

1. e4 e6 2. d4 d5 3. Nd2 Nf6 4. e5 Nfd7 5. Bd3 c5 6. c3 Nc6 7. Ne2 cxd4 8. cxd4
f5 9. O-O Be7 10. Nf4 Nf8 11. Nf3 Ng6 12. Nh5 Kf7 13. Be3 Bd7 14. a3 Nh4 15.
Nxh4 Bxh4 16. g4 g6 17. gxf5 exf5 18. Nf4 Be6 19. Rc1 Be7 20. b4 a6 21. Qf3 Bg5
22. Ne2 Kg7 23. Kh1 Rf8 24. Rg1 Bxe3 25. fxe3 Qd7 26. Nf4 Kf7 27. Qh3 Rh8 28.
Qh6 Rag8 29. Rc5 Rg7 30. a4 Nxb4 31. Nxe6 1-0

[Event "30. Abierto Ciudad de Sevilla"]
[Site "Sevilla ESP"]
[Date "2005.01.12"]
[Round "6.13"]
[White "Fenollar Jorda, Manuel"]
[Black "Tissir, Mohamed"]
[Result "0-1"]
[WhiteElo "2226"]
[BlackElo "2426"]
[PlyCount "86"]
[EventDate "2005.01.07"]
[EventType "swiss"]
[EventRounds "9"]
[EventCountry "ESP"]
[Source "lmi"]
[SourceDate "2005.01.13"]

1. d4 e6 2. Nf3 c5 3. c3 d5 4. e3 Nc6 5. Bd3 Nf6 6. Nbd2 Bd6 7. O-O O-O 8. dxc5
Bxc5 9. e4 e5 10. exd5 Nxd5 11. Ne4 Be7 12. Bb5 f6 13. Qa4 Nb6 14. Qb3+ Kh8 15.
Be3 Na5 16. Qc2 Nac4 17. Bc5 Bxc5 18. Nxc5 Qd5 19. b4 Na3 20. Qe2 Nxb5 21. Qxb5
Bg4 22. Rfd1 Qf7 23. Qd3 Rae8 24. h3 Bh5 25. Ne4 Nc4 26. Qd5 h6 27. Rac1 Qc7
28. Nd6 Nxd6 29. Qxd6 Qf7 30. g4 Bg6 31. c4 Rc8 32. a4 Rc6 33. Qd7 Rxc4 34. Nh4
Qxd7 35. Nxg6+ Kg8 36. Rxd7 Rxc1+ 37. Kg2 Rb8 38. Ne7+ Kf8 39. Nf5 g6 40. Nxh6
Rc4 41. Rh7 Rbc8 42. Rf7+ Ke8 43. Rxf6 R8c6 0-1

[Event "30. Abierto Ciudad de Sevilla"]
[Site "Sevilla ESP"]
[Date "2005.01.12"]
[Round "6.14"]
[White "Herrera Mellado, Luis A"]
[Black "Bellia, Fabrizio"]
[Result "0-1"]
[WhiteElo "2140"]
[BlackElo "2407"]
[PlyCount "76"]
[EventDate "2005.01.07"]
[EventType "swiss"]
[EventRounds "9"]
[EventCountry "ESP"]
[Source "lmi"]
[SourceDate "2005.01.13"]

1. d4 Nf6 2. Nf3 e6 3. Bg5 c5 4. e3 h6 5. Bh4 Be7 6. Nbd2 cxd4 7. exd4 b6 8.
Bd3 Bb7 9. O-O Nc6 10. c3 O-O 11. Re1 Nd5 12. Bxe7 Ncxe7 13. Rc1 a6 14. c4 Nf6
15. b4 a5 16. b5 d6 17. a4 Rc8 18. Nb3 Nd7 19. Qe2 Re8 20. Bb1 Rc7 21. Red1 Qa8
22. Rd3 Rec8 23. Rdc3 Nd5 24. R3c2 Nf4 25. Qe3 Bxf3 26. gxf3 g5 27. Rc3 Nf6 28.
Qd2 Rxc4 29. Kf1 Qd5 30. Bd3 Rxc3 31. Rxc3 Rxc3 32. Qxc3 Kg7 33. Bc2 e5 34. Qc6
Qe6 35. dxe5 Qxe5 36. Be4 d5 37. Qxb6 dxe4 38. Qe3 Qd5 0-1

[Event "30. Abierto Ciudad de Sevilla"]
[Site "Sevilla ESP"]
[Date "2005.01.12"]
[Round "6.15"]
[White "Mellado Triviño, Joan"]
[Black "Valenti, Giuseppe"]
[Result "1-0"]
[WhiteElo "2405"]
[BlackElo "2270"]
[PlyCount "75"]
[EventDate "2005.01.07"]
[EventType "swiss"]
[EventRounds "9"]
[EventCountry "ESP"]
[Source "lmi"]
[SourceDate "2005.01.13"]

1. d4 e6 2. e4 d5 3. Nd2 c5 4. exd5 Qxd5 5. Ngf3 cxd4 6. Bc4 Qd6 7. Qe2 Nf6 8.
Nb3 Nc6 9. Bg5 Be7 10. O-O-O h6 11. Bh4 Qf4+ 12. Kb1 Qe4 13. Qf1 a6 14. Nbxd4
Nxd4 15. Rxd4 Qc6 16. Qe2 b5 17. Bb3 Bb7 18. Rg1 Rd8 19. Ne5 Qb6 20. Rxd8+ Bxd8
21. Rd1 Bc8 22. a4 O-O 23. axb5 axb5 24. f4 Be7 25. f5 Re8 26. fxe6 Bxe6 27.
Bxe6 Qxe6 28. Qxb5 Ra8 29. Rd4 Qa2+ 30. Kc1 Qa1+ 31. Kd2 Qg1 32. c3 Qxg2+ 33.
Qe2 Qb7 34. Kc2 Rb8 35. b4 Qc8 36. Nd7 Bxb4 37. Nxf6+ gxf6 38. Qg4+ 1-0

[Event "30. Abierto Ciudad de Sevilla"]
[Site "Sevilla ESP"]
[Date "2005.01.12"]
[Round "6.16"]
[White "Lopez Gonzalez, Daniel"]
[Black "Belezky, Sasha"]
[Result "0-1"]
[WhiteElo "2128"]
[BlackElo "2399"]
[PlyCount "40"]
[EventDate "2005.01.07"]
[EventType "swiss"]
[EventRounds "9"]
[EventCountry "ESP"]
[Source "lmi"]
[SourceDate "2005.01.13"]

1. e4 c5 2. Nf3 d6 3. d4 cxd4 4. Nxd4 Nf6 5. Nc3 g6 6. Be3 Bg7 7. f3 Nc6 8. Qd2
O-O 9. O-O-O Nxd4 10. Bxd4 Be6 11. g4 Qa5 12. Kb1 Rfc8 13. h4 Rxc3 14. Qxc3
Qxa2+ 15. Kc1 Bxg4 16. Qe3 e5 17. Bc3 Nxe4 18. b4 Nxc3 19. Qxc3 Bh6+ 20. Rd2
Rc8 0-1

[Event "30. Abierto Ciudad de Sevilla"]
[Site "Sevilla ESP"]
[Date "2005.01.12"]
[Round "6.17"]
[White "Hilarius, Sander"]
[Black "Garcia Luque, Agustin"]
[Result "0-1"]
[WhiteElo "1892"]
[BlackElo "2390"]
[PlyCount "45"]
[EventDate "2005.01.07"]
[EventType "swiss"]
[EventRounds "9"]
[EventCountry "ESP"]
[Source "lmi"]
[SourceDate "2005.01.13"]

1. d4 Nf6 2. c4 g6 3. Nc3 Bg7 4. e4 d6 5. Bg5 O-O 6. Qd2 c5 7. d5 e6 8. f3 exd5
9. cxd5 Re8 10. Be2 a6 11. a4 Qa5 12. Ra3 Nbd7 13. Nh3 Qb4 14. Nf2 c4 15. Ncd1
a5 16. Nc3 Nb6 17. O-O Bd7 18. Qc2 Qc5 19. Qd2 Rec8 20. Be3 Qb4 21. Qc2 Ne8 22.
Nfd1 Ra6 23. Na2 0-1

[Event "30. Abierto Ciudad de Sevilla"]
[Site "Sevilla ESP"]
[Date "2005.01.12"]
[Round "6.18"]
[White "Matamoros Franco, Carlos S"]
[Black "Delgado Serrano, Angel"]
[Result "1-0"]
[WhiteElo "2522"]
[BlackElo "2164"]
[PlyCount "41"]
[EventDate "2005.01.07"]
[EventType "swiss"]
[EventRounds "9"]
[EventCountry "ESP"]
[Source "lmi"]
[SourceDate "2005.01.13"]

1. c4 e6 2. g3 d5 3. Bg2 Nf6 4. Nf3 Nbd7 5. O-O b6 6. cxd5 exd5 7. d4 Bb7 8.
Nc3 Be7 9. Qa4 c6 10. Ne5 Nxe5 11. dxe5 Nd7 12. Qg4 Nxe5 13. Qxg7 Bf6 14. Qh6
Qe7 15. a4 Rd8 16. Be3 Ng6 17. Bd2 Qf8 18. Qh5 Bg7 19. a5 b5 20. e4 d4 21. Nxb5
1-0

[Event "30. Abierto Ciudad de Sevilla"]
[Site "Sevilla ESP"]
[Date "2005.01.12"]
[Round "6.19"]
[White "Herrera Mellado, Antonio"]
[Black "Teran Alvarez, Ismael"]
[Result "0-1"]
[WhiteElo "2122"]
[BlackElo "2422"]
[PlyCount "60"]
[EventDate "2005.01.07"]
[EventType "swiss"]
[EventRounds "9"]
[EventCountry "ESP"]
[Source "lmi"]
[SourceDate "2005.01.13"]

1. d4 e6 2. Nf3 f5 3. c4 Nf6 4. g3 c6 5. Bg2 d5 6. O-O Bd6 7. b3 Qe7 8. Nc3 O-O
9. Ne5 Bd7 10. f4 Be8 11. a3 Nbd7 12. c5 Bxc5 13. Kh1 Bd6 14. b4 Ne4 15. Qd3 a5
16. bxa5 Rxa5 17. Nxe4 fxe4 18. Qc3 Ra7 19. a4 Bh5 20. Ra2 Nxe5 21. fxe5 Bb4
22. Qa1 Rxf1+ 23. Bxf1 c5 24. Be3 b6 25. Bh3 Ra5 26. Qf1 Bf7 27. Qc1 Qe8 28.
Ra1 Rxa4 29. Rxa4 Qxa4 30. dxc5 bxc5 0-1

[Event "30. Abierto Ciudad de Sevilla"]
[Site "Sevilla ESP"]
[Date "2005.01.12"]
[Round "6.33"]
[White "Barberans Sola, Sebastian"]
[Black "Garcia Romero, Benjamin Abel"]
[Result "0-1"]
[WhiteElo "1998"]
[BlackElo "2129"]
[PlyCount "76"]
[EventDate "2005.01.07"]
[EventType "swiss"]
[EventRounds "9"]
[EventCountry "ESP"]
[Source "lmi"]
[SourceDate "2005.01.13"]

1. d4 c5 2. e3 e6 3. Bd3 b6 4. Nf3 Bb7 5. Nbd2 Be7 6. O-O d6 7. b3 Nd7 8. Bb2
Ngf6 9. Re1 Qc7 10. c4 h6 11. e4 cxd4 12. Nxd4 Rd8 13. Qe2 Ne5 14. Bc2 Qc5 15.
Nb5 a6 16. Bd4 Qc6 17. Nc3 Ng6 18. f3 Qc7 19. Qe3 Nd7 20. Bxg7 Bg5 21. Qf2 Rg8
22. Bd4 Bxd2 23. Qxd2 Nh4 24. Kh1 Rxg2 25. Qxh6 Rxh2+ 26. Kxh2 d5+ 27. f4 Nf3+
28. Kg2 Nxd4 29. Qh8+ Ke7 30. Qxd4 Qxf4 31. Qf2 Rg8+ 32. Kf1 Qg4 33. Re3 d4 34.
Rf3 Ne5 35. Bd1 Nxf3 36. Bxf3 Qh3+ 37. Qg2 Rxg2 38. Bxg2 Qxc3 0-1